Quantitative chemical analysis (Record no. 23640)

MARC details
000 -LEADER
fixed length control field 00348nam a2200133Ia 4500
082 ## - DEWEY DECIMAL CLASSIFICATION NUMBER
Classification number 543.0062
Item number AYR
100 ## - MAIN ENTRY--AUTHOR NAME
Personal name Ayres, Gilbert H
245 #0 - TITLE STATEMENT
Title Quantitative chemical analysis
250 ## - EDITION STATEMENT
Edition statement Ed.2
260 ## - PUBLICATION, DISTRIBUTION, ETC. (IMPRINT)
Place of publication London
Name of publisher Harper & Row
Year of publication 1968
650 ## - SUBJECT ADDED ENTRY--TOPICAL TERM
Topical Term Quantitative chemical analysis
942 ## - ADDED ENTRY ELEMENTS (KOHA)
Koha item type Books
Holdings
Withdrawn status Lost status Damaged status Not for loan Home library Current library Date acquired Cost, normal purchase price Full call number Accession Number Koha item type
        RRII Library RRII Library 16/12/2021 10.95 543.0062 AYR 04338 Books